First course in probability and statistics (Record no. 151206)

MARC details
000 -LEADER
fixed length control field 00391nam a2200145Ia 4500
008 - FIXED-LENGTH DATA ELEMENTS--GENERAL INFORMATION
fixed length control field 230917s9999||||xx |||||||||||||| ||und||
040 ## - CATALOGING SOURCE
-- 181775
Original cataloging agency VIVEKANANDA LIBRARY
041 ## - Language
-- English
082 ## - DDC NUMBER
Classification number 519.2 R18F
100 ## - MAIN ENTRY--PERSONAL NAME
Personal name Rao, B L S Prakasa
245 #0 - TITLE STATEMENT
Title First course in probability and statistics
260 ## - PUBLICATION, DISTRIBUTION, ETC. (IMPRINT)
Place of publication, distribution, etc New Delhi
Name of publisher, distributor, etc Cambridge University Press
Date of publication, distribution, etc 2011
300 ## - PHYSICAL DESCRIPTION
Pages vii, 317 p.
942 ## - ADDED ENTRY ELEMENTS (KOHA)
Koha item type Books
Holdings
Withdrawn status Lost status Damaged status Not for loan Location (home branch) Sublocation or collection (holding branch) Date acquired Koha issues (times borrowed) Koha full call number Accession No. Koha date last seen Koha item type
        VIVEKANANDA LIBRARY VIVEKANANDA LIBRARY 07/04/2011   519.2 R18F 273503 17/09/2023 Books
        VIVEKANANDA LIBRARY VIVEKANANDA LIBRARY 07/04/2011   519.2 R18F 273504 17/09/2023 Books
        VIVEKANANDA LIBRARY VIVEKANANDA LIBRARY 07/04/2011   519.2 R18F 273505 17/09/2023 Books
        VIVEKANANDA LIBRARY VIVEKANANDA LIBRARY 07/04/2011   519.2 R18F 273506 17/09/2023 Books
        VIVEKANANDA LIBRARY VIVEKANANDA LIBRARY 07/04/2011   519.2 R18F 273507 17/09/2023 Books
        VIVEKANANDA LIBRARY VIVEKANANDA LIBRARY 07/04/2011   519.2 R18F 295537 17/09/2023 Books
        VIVEKANANDA LIBRARY VIVEKANANDA LIBRARY 07/04/2011   519.2 R18F 295538 17/09/2023 Books
        VIVEKANANDA LIBRARY VIVEKANANDA LIBRARY 07/04/2011   519.2 R18F 296934 17/09/2023 Books
        VIVEKANANDA LIBRARY VIVEKANANDA LIBRARY 07/04/2011   519.2 R18F 296935 17/09/2023 Books
        VIVEKANANDA LIBRARY VIVEKANANDA LIBRARY 07/04/2011   519.2 R18F 296936 17/09/2023 Books
        VIVEKANANDA LIBRARY VIVEKANANDA LIBRARY 07/04/2011   519.2 R18F 296937 17/09/2023 Books
        VIVEKANANDA LIBRARY VIVEKANANDA LIBRARY 07/04/2011   519.2 R18F 296938 17/09/2023 Books
© Designed and Maintained by Vivekananda Library, MDU Rohtak